00520nam a2200205 a 4500001001300000003000900013005001700022008004100039020002300080082001500103100001900118245002000137260003500157300001000192500003500202505002000237650001500257650002300272700001900295nice12345678IN_TiNIC20260116014003.0050524s1979 newa grp 000 0 eng  a0679532 c34700a273.1bPAG aPagles, Elaine aGnostic Gospels aNew YorkbVintage Books c1979 a182p. aincludes index and biblioraphy2 aIndex of author aGnosticism aApocryphal Gospels1 aPagles, Elaine